01315nam a2200325Ia 4500001001200000003000800012006001900020007001500039008004100054010001700095020001500112020001500127040002100142035002000163050002300183082002000206100002300226245010100249260004400350300002400394490006000418504006600478533015200544650002800696650003200724655002900756710001700785830006100802856012600863ebr10053764CaPaEBRm u cr cn|||||||||000524s2000 enka sb 001 0 eng d z 00042467  z0203459288 z0415205840 aCaPaEBRcCaPaEBR a(OCoLC)5208866414aHM728b.P45 2000eb04a305.5/52/092211 aPels, Dick,d1948-14aThe intellectual as strangerh[electronic resource] :bstudies in spokespersonship /cDick Pels. aLondon ;aNew York :bRoutledge,c2000. axix, 283 p. :bill.1 aRoutledge studies in social and political thought ;v30 aIncludes bibliographical references (p. [261]-278) and index. aElectronic reproduction.bPalo Alto, Calif. :cebrary,d2009.nAvailable via World Wide Web.nAccess may be limited to ebrary affiliated libraries. 0aIntellectualsxHistory. 0aIntellectual lifexHistory. 7aElectronic books.2local2 aebrary, Inc. 0aRoutledge studies in social and political thought ;v30.40uhttp://site.ebrary.com/lib/rucke/Doc?id=10053764zAn electronic book accessible through the World Wide Web; click to view